| 000 | 01164nam a22003137a 4500 | ||
|---|---|---|---|
| 003 | CHAP | ||
| 005 | 20220329142326.0 | ||
| 008 | 000629d19-? r 00110 eng d | ||
| 010 | _a81755 | ||
| 011 | _a82727 | ||
| 035 | _a93229 | ||
| 040 | _cCHAP | ||
| 090 | _aFolleto 16000 | ||
| 110 | 2 |
_aAssociation for International Cooperation of Agriculture and Forestry. Tokyo, Japan _98151 |
|
| 245 | 1 | 0 |
_aIntroduction to agricultural cooperatives of Japan _c/by Association for International Cooperation of Agriculture & Forestry |
| 260 |
_a(s.l.) : _bAssociation for International Cooperation of Agriculture & Forestry , _c19-? |
||
| 300 | _a52 p. | ||
| 590 |
_aBATCH-UPD _b10 _c20130110 _lUCH01 _h0340 |
||
| 590 |
_aBATCH-UPD _b10 _c20130110 _lUCH01 _h2037 |
||
| 590 |
_aBATCH-UPD _b10 _c20130410 _lUCH01 _h0014 |
||
| 590 |
_aBATCH-UPD _b10 _c20130913 _lUCH01 _h2139 |
||
| 590 |
_aCONVERSION _b10 _c20130109 _lUCH01 _h1345 |
||
| 650 | 1 | 4 |
_aAgricultura cooperativa _xJapón. _91971 |
| 650 | 1 | 4 |
_aCooperación agrícola internacional. _927767 |
| 901 | _aBK | ||
| 905 | _aAlejandra Carrasco M. | ||
| 942 | _cFOLL | ||
| 949 |
_aFolleto 16000 _bBC _cFOLL _d932291 _eTS1 _i93229 _sb |
||
| 999 |
_c81755 _d81755 |
||